Normal view
MARC view
- Supervisor Dr. Muhammad Usman Akram Co-Supervisor Dr. Arslan Shaukat
Entry Personal Name
001 - CONTROL NUMBER
- control field: 70168
003 - CONTROL NUMBER IDENTIFIER
- control field: NUST
005 - DATE AND TIME OF LATEST TRANSACTION
- control field: 20210628204407.0
008 - FIXED-LENGTH DATA ELEMENTS
- fixed length control field: 210628|| aca||aabn | a|a d
040 ## - CATALOGING SOURCE
- Original cataloging agency: NUST
- Transcribing agency: NUST
100 ## - HEADING--PERSONAL NAME
- Personal name: Supervisor Dr. Muhammad Usman Akram Co-Supervisor Dr. Arslan Shaukat
670 ## - SOURCE DATA FOUND
- Source citation: Work cat.: (NUST): Umair Zafar Khan 70167, TH-SOF-1297-MFCC and Spectro-Temporal Gabor Filter bank Features for Acoustic Event Detection, 2016
